000 00304nam a22001217a 4500
008 230620b xxu||||| |||| 00| 0 eng d
082 _a309.1
_bBEV
100 _cBevan Edwyn Robert
245 _aThe Legacy of Israel
260 _alondon
_boxford university press
_c1953
300 _a551p
942 _2ddc
_cBK
999 _c1462
_d1462